Electronic Telephone Projects (Record no. 28810)

MARC details
000 -LEADER
fixed length control field 00368nam a22001577a 4500
003 - CONTROL NUMBER IDENTIFIER
control field OSt
005 - DATE AND TIME OF LATEST TRANSACTION
control field 20220202084159.0
008 - FIXED-LENGTH DATA ELEMENTS--GENERAL INFORMATION
fixed length control field 220202b |||||||| |||| 00| 0 eng d
020 ## - INTERNATIONAL STANDARD BOOK NUMBER
International Standard Book Number 8176565695
040 ## - CATALOGING SOURCE
Transcribing agency H.U
082 ## - DEWEY DECIMAL CLASSIFICATION NUMBER
Classification number 621.385
100 ## - MAIN ENTRY--PERSONAL NAME
Personal name Caristi
9 (RLIN) 29371
245 ## - TITLE STATEMENT
Title Electronic Telephone Projects
260 ## - PUBLICATION, DISTRIBUTION, ETC.
Place of publication, distribution, etc. New Delhi
Name of publisher, distributor, etc. BPB
Date of publication, distribution, etc. 1989
942 ## - ADDED ENTRY ELEMENTS (KOHA)
Source of classification or shelving scheme Dewey Decimal Classification
Koha item type Books like text book referance book
Suppress in OPAC No
Holdings
Withdrawn status Lost status Source of classification or shelving scheme Damaged status Not for loan Home library Current library Shelving location Date acquired Total Checkouts Full call number Barcode Date last seen Copy number Price effective from Koha item type
    Dewey Decimal Classification     IoT Library IoT Library General Stacks 02/02/2022   621.385/CAR/1989 IOTL0009561 02/02/2022 1 02/02/2022 Books like text book referance book
    Dewey Decimal Classification     IoT Library IoT Library General Stacks 02/02/2022   621.385/CAR/1989 IOTL0009562 02/02/2022 2 02/02/2022 Books like text book referance book
    Dewey Decimal Classification     IoT Library IoT Library General Stacks 02/02/2022   621.385/CAR/1989 IOTL0009563 02/02/2022 3 02/02/2022 Books like text book referance book
    Dewey Decimal Classification     IoT Library IoT Library General Stacks 02/02/2022   621.385/CAR/1989 IOTL0009564 02/02/2022 4 02/02/2022 Books like text book referance book
    Dewey Decimal Classification     IoT Library IoT Library General Stacks 02/02/2022   621.385/CAR/1989 IOTL0009565 02/02/2022 5 02/02/2022 Books like text book referance book
    Dewey Decimal Classification     IoT Library IoT Library General Stacks 04/05/2022   621.385/CAR/1989 IOTL0019601 04/05/2022 6 04/05/2022 Books like text book referance book
    Dewey Decimal Classification     IoT Library IoT Library General Stacks 04/05/2022   621.385/CAR/1989 IOTL0019602 04/05/2022 7 04/05/2022 Books like text book referance book
    Dewey Decimal Classification     IoT Library IoT Library General Stacks 04/05/2022   621.385/CAR/1989 IOTL0019603 04/05/2022 8 04/05/2022 Books like text book referance book
    Dewey Decimal Classification     IoT Library IoT Library General Stacks 04/05/2022   621.385/CAR/1989 IOTL0019604 04/05/2022 9 04/05/2022 Books like text book referance book